Derecho rural : códigos rurales, legislación, dóctrina, jurisprudencia, modelos de contratos y cartas documentos /
Guardado en:
| Autor Principal: | |
|---|---|
| Formato: | Libro |
| Idioma: | Spanish |
| Publicado: |
Rosario :
Nova tesis Editorial Jurídica,
2006
|
| Edición: | 1a. ed. |
| Materias: | |
| Etiquetas: |
Agregar Etiqueta
Sin Etiquetas, Sea el primero en etiquetar este registro!
|
| LEADER | 00591nam a22001695a 4500 | ||
|---|---|---|---|
| 001 | DER.der002414 | ||
| 008 | 180615s2006####ag#||||||||||||||#||spa|| | ||
| 005 | 20251216180950.0 | ||
| 245 | 1 | 0 | |a Derecho rural : |b códigos rurales, legislación, dóctrina, jurisprudencia, modelos de contratos y cartas documentos / |c Miguel Antonio Sansó. |
| 250 | |a 1a. ed. | ||
| 260 | |a Rosario : |b Nova tesis Editorial Jurídica, |c 2006 | ||
| 300 | |a 420 p. | ||
| 020 | |a 987108773X | ||
| 100 | 1 | |a Sansó, Miguel Antonio | |
| 650 | 7 | |a DERECHO AMBIENTAL | |
| 650 | 7 | |a DERECHO RURAL | |
| 859 | |a DERECHO |b BIB. DERECHO |h 346 |i SAN |p 004554 | ||
